Project management (Record no. 34031)

MARC details
000 -LEADER
fixed length control field 00398nam a2200169Ia 4500
020 ## - INTERNATIONAL STANDARD BOOK NUMBER
ISBN 9780273612360
050 ## - CALL MARK
Classification number HD 69.P75 .M39/
100 ## - STATEMENT OF RESPONSIBILITY--MAIN AUTHOR NAME
Personal name Maylor, Harvey.
245 #0 - TITLE STATEMENT
Title Project management
260 ## - PUBLICATION, DISTRIBUTION, ETC. (IMPRINT)
Place of publication PITMAN Publishing
260 ## - PUBLICATION, DISTRIBUTION, ETC. (IMPRINT)
Year of publication 1996
300 ## - PHYSICAL DESCRIPTION
Number of Pages 251 p
650 ## - SUBJECT ADDED ENTRY--TOPICAL TERM
Topical Term Project management.
942 ## - ADDED ENTRY ELEMENTS (KOHA)
Koha item type Books
Holdings
Withdrawn status Lost status Source of classification or shelving scheme Damaged status Not for loan Permanent Location Current Location Shelving location Date acquired Accession Number Price effective from Koha item type
    Library of Congress Classification     NILE UNIVERSITY OF NIGERIA - MAIN LIBRARY NILE UNIVERSITY OF NIGERIA - MAIN LIBRARY Items on shelf 04/23/2025 0000458 04/23/2025 Books